01329nam a2200289 a 450000100100000000500170001000800410002702000150006804000250008308200180010810000360012624500510016226001330021330000280034650000800037465000300045465000330048465000430051765000420056065000170060265000340061904900090065395201220066295201160078495201220090099900170102200001365920200929163313.0091127s2006 dr c 000 0 spa d a9993497339 aDO-SdBNPbspacBNPHU a362.61bC385h1 aCayetano Subervi, Oneyda93108510aHogar triste hogar /cOneyda Cayetano Subervi. aSanto Domingo :b¨Fundación Oneyda Cayetano¨ A Beneficio de Envejecientes en Asilos de Hogar de Leprosos (FOCBEAHOL),c2006. a140 p. :bil. ;c22 cm. aIncluye datos biográficos de la autora en la contracubierta del documento 4aAsilos de ancianos931086 4aAsistencia a la vejez931087 4aAncianosxRelaciones familiares931088 4aAncianosxCondiciones sociales931089 4aLepra931090 4aAncianosxEnfermedades931091 aBNPD 0010718DSaGRbGRcCTd2009-11-27iLF1l0o362.61 C385hp13659-30r2020-06-25te. 3w2020-06-25yLFDSZNo se presta 0010718PDaPDbPDcCTd2009-11-27iLF1l0o362.61 C385hp13659-10r2020-06-25w2020-06-25yLFPDZNo se presta 0010718PDaPDbPDcCTd2009-11-27iLF1l0o362.61 C385hp13659-20r2020-06-25te. 2w2020-06-25yLFPDZNo se presta c13273d13273